10 free cad software for architects and biologists, 7 bug tr (Record no. 139958)

000 -LEADER
fixed length control field 00290nmm a2200097Ia 4500
008 - FIXED-LENGTH DATA ELEMENTS--GENERAL INFORMATION
fixed length control field 220120s9999||||xx |||||||||||||||||und||
020 ## - INTERNATIONAL STANDARD BOOK NUMBER
International Standard Book Number 978-81-203-3468-7
100 ## - MAIN ENTRY--PERSONAL NAME
Personal name PCQ
245 #0 - TITLE STATEMENT
Title 10 free cad software for architects and biologists, 7 bug tr
260 ## - PUBLICATION, DISTRIBUTION, ETC.
Place of publication, distribution, etc. Cyber media Pvt. Ltd.
Name of publisher, distributor, etc. New delhi
Holdings
Withdrawn status Lost status Damaged status Not for loan Home library Current library Date acquired Barcode Date last seen Price effective from Koha item type
        Central Library Central Library 01/20/2022 CD1509 01/20/2022 01/20/2022 Compact Disc

Powered by Koha